U.S. State Capital City Flags - Statistics

General Stats
  • This quiz has been taken 14 times
    13 since last reset
  • The average score is 21 of 50
Answer Stats
Picture Answer % Correct
Jefferson City
82%
Phoenix
73%
Denver
64%
Montgomery
64%
Honolulu
55%
Indianapolis
55%
Lincoln
55%
Richmond
55%
Topeka
55%
Annapolis
45%
Atlanta
45%
Baton Rouge
45%
Boise
45%
Carson City
45%
Concord
45%
Des Moines
45%
Dover
45%
Frankfort
45%
Juneau
45%
Little Rock
45%
Oklahoma City
45%
Sacramento
45%
Salem
45%
Springfield
45%
Albany
36%
Augusta
36%
Boston
36%
Cheyenne
36%
Columbus
36%
Harrisburg
36%
Jackson
36%
Madison
36%
Nashville
36%
Olympia
36%
Raleigh
36%
Salt Lake City
36%
Tallahasse
36%
Trenton
36%
Austin
27%
Bismarck
27%
Charleston
27%
Columbia
27%
Hartford
27%
Helena
27%
Lansing
27%
Montpelier
27%
Pierre
27%
Providence
27%
Santa Fe
27%
St Paul
27%
No matching quizzes found
Score Distribution
Percent of People with Each Score
Percentile by Number Answered
Your Score History
You have not taken this quiz since the last reset